[Event "Odysseus Autumn C"]
[Site "Soborg"]
[Date "2003.09.11"]
[Round "1"]
[White "Larsen, Alex"]
[Black "Jensen, Jerry Moller"]
[Result "0-1"]
[WhiteElo "1236"]
[BlackElo "1499"]
[PlyCount "66"]
[EventDate "2003.09.11"]
[EventType "tourn"]
[EventRounds "5"]
[EventCountry "DEN"]
[SourceTitle "EXT 2023"]
[Source "ChessBase"]
[SourceDate "2022.10.05"]
[SourceVersion "1"]
[SourceVersionDate "2022.10.05"]
[SourceQuality "1"]

1. d4 Nf6 2. c4 e5 3. Bg5 Be7 4. dxe5 Ne4 5. Bd2 d6 6. Nf3 Nc6 7. Nc3 Nc5 8. b4 Nxb4 9. Nd5 Nxd5 10. cxd5 dxe5 11. e4 0-0 12. Qc2 f5 13. Bd3 Nxd3+ 14. Qxd3 fxe4 15. Qxe4 Bf5 16. Qc4 Kh8 17. 0-0 e4 18. Ne5 Bf6 19. Bf4 Qe7 20. Rac1 Bxe5 21. Be3 Qh4 22. f4 Bd6 23. Rf2 a6 24. Rcc2 Rf6 25. Qc3 Rh6 26. g3 Qg4 27. Qd2 Bb4 28. Qc1 Rd6 29. Rc4 Rxd5 30. Rd4 Rxd4 31. Bxd4 Rd8 32. Qxc7 Rxd4 33. Rc2 Rd1+ 0-1

[Event "Odysseus Spring C"]
[Site "Soborg"]
[Date "2001.05.??"]
[Round "5"]
[White "Borregaard, John"]
[Black "Jensen, Jerry Moller"]
[Result "0-1"]
[WhiteElo "1520"]
[BlackElo "1512"]
[PlyCount "64"]
[EventDate "2001.05.10"]
[EventType "tourn"]
[EventRounds "5"]
[EventCountry "DEN"]
[SourceTitle "EXT 2023"]
[Source "ChessBase"]
[SourceDate "2022.10.05"]
[SourceVersion "1"]
[SourceVersionDate "2022.10.05"]
[SourceQuality "1"]

1. e4 d5 2. exd5 Qxd5 3. Nc3 Qa5 4. Bc4 Bf5 5. d3 Nf6 6. Bd2 c6 7. Nge2 e6 8. 0-0 Bd6 9. Nb5 Qd8 10. Nxd6+ Qxd6 11. Ng3 Bg6 12. Re1 0-0 13. a3 Nbd7 14. Bc3 Rfe8 15. b4 Nb6 16. Bxf6 gxf6 17. Bb3 a5 18. Qd2 a4 19. Ba2 Nd5 20. Ne4 Qe7 21. c4 Nc7 22. Re3 Rad8 23. Qc3 e5 24. Rf3 f5 25. Nc5 Ne6 26. Nxa4 Nd4 27. Re3 f4 28. Ree1 f3 29. Nc5 Ne2+ 30. Rxe2 fxe2 31. Re1 b6 32. Ne4 Bxe4 0-1

[Event "Odysseus Spring C"]
[Site "Soborg"]
[Date "2001.05.??"]
[Round "3"]
[White "Krabbe, Jens Christian"]
[Black "Jensen, Jerry Moller"]
[Result "1-0"]
[WhiteElo "1585"]
[BlackElo "1512"]
[PlyCount "83"]
[EventDate "2001.05.10"]
[EventType "tourn"]
[EventRounds "5"]
[EventCountry "DEN"]
[SourceTitle "EXT 2023"]
[Source "ChessBase"]
[SourceDate "2022.10.05"]
[SourceVersion "1"]
[SourceVersionDate "2022.10.05"]
[SourceQuality "1"]

1. Nf3 f5 2. d4 Nf6 3. c4 e6 4. Nc3 Be7 5. g3 b6 6. Bg2 Bb7 7. 0-0 0-0 8. Re1 Qe8 9. Qb3 Na6 10. Bf4 Nh5 11. Be3 f4 12. Bd2 fxg3 13. fxg3 Kh8 14. e4 d6 15. Re2 Qg6 16. Rf1 Rf7 17. Ref2 Raf8 18. e5 Qd3 19. d5 Nc5 20. Qd1 Qxc4 21. Bg5 Qg4 22. Bxe7 Rxe7 23. exd6 cxd6 24. Nd4 Rxf2 25. Qxg4 Rxf1+ 26. Kxf1 Nf6 27. Qf4 e5 28. Qe3 h6 29. Ncb5 Ng4 30. Qg1 Rf7+ 31. Ke1 Rf2 32. Qxf2 Nd3+ 33. Ke2 Ndxf2 34. h3 Nxh3 35. Bxh3 Nf6 36. Be6 Ne8 37. Bf7 Nf6 38. Nxd6 Ba6+ 39. Ke3 g5 40. Be6 Kg7 41. Nf7 Bc4 42. Nxe5 1-0